Normal view
MARC view
- Terrorism
Entry Topical Term
001 - CONTROL NUMBER
- control field: 7966
003 - CONTROL NUMBER IDENTIFIER
- control field: NUST
005 - DATE AND TIME OF LATEST TRANSACTION
- control field: 20180102140756.0
008 - FIXED-LENGTH DATA ELEMENTS
- fixed length control field: 180102|| aca||aabn | a|a d
040 ## - CATALOGING SOURCE
- Original cataloging agency: NUST
- Transcribing agency: NUST
150 ## - HEADING--TOPICAL TERM
- Topical term or geographic name entry element: Terrorism
- General subdivision: Prevention
- Form subdivision: Fiction.
670 ## - SOURCE DATA FOUND
- Source citation: Work cat.: (NUST)0: DeMille, Nelson. 7964, The panther /
